The Magic of positive Thoughts/ (Record no. 189400)

MARC details
000 -LEADER
fixed length control field 00551nam a22001817a 4500
005 - DATE AND TIME OF LATEST TRANSACTION
control field 20220628150408.0
010 ## - LCCN (DPL NO)
LC control number ENG-133355
020 ## - INTERNATIONAL STANDARD BOOK NUMBER
International Standard Book Number 9789351658467
Terms of availability 150.00
035 ## - SYSTEM CONTROL NUMBER
System control number EN-116887
037 ## - SOURCE OF ACQUISITION
Source of stock number/acquisition DBAD/PUB
082 ## - DEWEY DECIMAL CLASSIFICATION NUMBER
Classification number 158
100 ## - MAIN ENTRY--PERSONAL NAME
Personal name Sinha Surya
245 ## - TITLE STATEMENT
Title The Magic of positive Thoughts/
Statement of responsibility, etc Surya Sinha
260 ## - PUBLICATION, DISTRIBUTION, ETC. (IMPRINT)
Place of publication, distribution, etc New Delhi
Name of publisher, distributor, etc Diamound Pocket Books
Date of publication, distribution, etc 2015
270 ## - ADDRESS
Address X-30, Okhla Industrial Area Phase
City New Delhi
Postal code 110020
Telephone number 01140712100
Electronic mail address sales@dpb.in
300 ## - PHYSICAL DESCRIPTION
Extent 148p.
Dimensions 21cm(pbk)
942 ## - ADDED ENTRY ELEMENTS (KOHA)
Source of classification or shelving scheme Dewey Decimal Classification
Item type English Books
Call number suffix SUR
Classification part 158
Holdings
Withdrawn status Lost status Not for loan Collection code Home library Current library Date acquired Source of acquisition Cost, normal purchase price Full call number Barcode Copy number Cost, replacement price Koha item type
      Non-fiction Ashok Vihar Ashok Vihar 28/06/2022 DBAD/PUB 150.00 158 SUR EN-116887 1 150.00 English Books

© Delhi Public Library
Hit Counter
free hit counter